000 00636cam a22002174a 4500
001 14119363
005 20250328095943.0
008 050924s2006 enka b 001 0 eng
020 _a0273701789
020 _a9780273701781
050 0 0 _aHD30.28
_b.L92 2006
082 0 0 _a658.4/012
_222
100 1 _aLynch, Richard L.
245 1 0 _aCorporate strategy /
_cRichard Lynch.
250 _a4th ed.
260 _aHarlow, England ;
_aNew York :
_bFT/Prentice Hall,
_c2006.
300 _axxxii, 830 p. :
_bcol. ill. ;
_c27 cm. +
_e1 CD-ROM (4 3/4 in.)
650 0 _aBusiness planning.
650 0 _aStrategic planning.
942 _2lcc
_cBK
_n0
999 _c5283
_d5283